00431nam a2200169 a 450000100060000000300090000600800410001502000150005604000280007108200090009910000150010824500230012326000410014630000100018749000280019765000360022519339CO-ViMGA141112s2004 ck r 000 u spa d a8475100384 aCO-ViMGAbspacCO-ViMGA04aGOSl1 aGoscinny, 10aAsterix Legionario aBarcelona : bGrijalbo Dargaud; 1996 a48 p. aUna aventura de Asterix14aCUENTOS INFANTILES DE AVENTURAS